[Event "Challenge"]
[Site "http://www.queenalice.com/game.php?id=507891"]
[Date "2008.12.15"]
[Round "-"]
[White "icechess"]
[Black "rafael1"]
[Result "0-1"]
[WhiteElo "1500"]
[BlackElo "1840"]

1. d4 Nf6 2. Nf3 e6 3. c4 c5 4. e3 Nc6 5. d5 exd5 6. cxd5 Nb4 7. a3 Nbxd5 8. Nc3
Nxc3 9. bxc3 Be7 10. Bd3 O-O 11. O-O d6 12. h3 Nd5 13. Bb2 Bf6 14. Rc1 Re8 15.
Re1 Be6 16. e4 Nf4 17. Bb5 Bd7 18. Bxd7 Qxd7 19. e5 Be7 20. Qd2 Ne6 21. Rcd1
Rad8 22. c4 Nf8 23. Re3 dxe5 24. Bxe5 Qxd2 25. Rxd2 Rxd2 26. Nxd2 Bg5 27. f4 Bh6
28. Ne4 Nd7 29. Bd6 f5 30. g4 g6 31. g5 Bg7 32. h4 Bd4 0-1

[Event "Challenge"]
[Site "http://www.queenalice.com/game.php?id=508289"]
[Date "2008.12.15"]
[Round "-"]
[White "icechess"]
[Black "axelsun"]
[Result "1-0"]
[WhiteElo "1819"]
[BlackElo "1880"]

1. d4 d5 2. c4 e6 3. Nf3 Nf6 4. Nc3 Bb4 5. Bg5 Nbd7 6. cxd5 Bxc3+ 7. bxc3 exd5
8. e3 c6 9. Bd3 Qc7 10. Qc2 b6 11. O-O Bb7 12. Rfe1 O-O-O 13. e4 dxe4 14. Bxe4
Rde8 15. Bd3 h6 16. Bh4 c5 17. Bg3 Qd8 18. Rad1 Ng4 19. h3 Bxf3 20. gxf3 Ngf6
21. Ba6# 1-0

[Event "Challenge"]
[Site "http://www.queenalice.com/game.php?id=508294"]
[Date "2008.12.16"]
[Round "-"]
[White "icechess"]
[Black "Mike36bh"]
[Result "0-1"]
[WhiteElo "1470"]
[BlackElo "1850"]

1. d4 d5 2. c4 dxc4 3. e4 b5 4. b4 e6 5. Nc3 Bxb4 6. a3 Bxc3+ 7. Bd2 Bxa1 8.
Qxa1 Nf6 9. e5 Ne4 10. Be3 c6 11. a4 Qa5+ 12. Kd1 bxa4 13. Bxc4 a3 14. Nf3 Qa4+
0-1

[Event "Challenge"]
[Site "http://www.queenalice.com/game.php?id=508323"]
[Date "2008.12.16"]
[Round "-"]
[White "Mike36bh"]
[Black "icechess"]
[Result "1-0"]
[WhiteElo "1827"]
[BlackElo "1463"]

1. d4 d5 2. Nc3 e5 3. dxe5 Be6 4. e3 a6 5. h3 Nc6 6. a3 Nxe5 7. Nf3 Bd6 8. Nd4
Bd7 9. Nxd5 Ne7 10. Nxe7 Qxe7 11. Nf5 Bxf5 12. Be2 h5 13. f4 Rd8 14. O-O Nf3+
15. Bxf3 Bc5 16. Qe2 b5 17. b4 Bb6 18. Re1 O-O 19. Bxh5 g6 20. Bg4 Bxg4 21. Qxg4
Rd7 22. f5 g5 23. Kh1 c6 24. e4 Bc7 25. Bxg5 Qe8 26. Bf6+ 1-0

[Event "Challenge"]
[Site "http://www.queenalice.com/game.php?id=508459"]
[Date "2008.12.16"]
[Round "-"]
[White "icechess"]
[Black "REUSKING"]
[Result "0-1"]
[WhiteElo "1431"]
[BlackElo "1964"]

1. d4 d5 2. c4 e6 3. Nc3 Nf6 4. Bg5 Be7 5. e3 O-O 6. Nf3 Nbd7 7. Rc1 c6 8. Bd3
dxc4 9. Bxc4 Nd5 10. Bxe7 Qxe7 11. O-O Nxc3 12. Rxc3 e5 13. Qc2 exd4 14. Nxd4
Ne5 15. Qe4 Ng6 16. Bd3 Re8 17. f3 Bd7 18. Re1 Qf6 19. Qf5 Bxf5 0-1

[Event "Challenge"]
[Site "http://www.queenalice.com/game.php?id=508868"]
[Date "2008.12.17"]
[Round "-"]
[White "icechess"]
[Black "silverado"]
[Result "0-1"]
[WhiteElo "1454"]
[BlackElo "1740"]

1. d4 c6 2. Nf3 h6 3. c4 Nf6 4. Nc3 e6 5. e3 Bd6 6. Bd3 b6 7. a3 Bb7 8. b4 a6 9.
c5 bxc5 10. bxc5 Bc7 11. Rb1 Qc8 12. Ne4 Nxe4 13. Bxe4 d6 14. Qc2 g6 15. Bxg6
fxg6 16. Qxg6+ Kf8 17. cxd6 Bxd6 18. e4 Rg8 19. Qxh6+ Ke8 20. e5 Bf8 21. Qh5+
Kd7 22. Qh7+ Be7 23. Bg5 Re8 24. Nh4 Ra7 25. Ng6 Qd8 26. Nxe7 Rxe7 27. Bxe7 Qxe7
28. Qxe7+ Kxe7 29. O-O Nd7 30. f4 c5 31. f5 exf5 32. Rxf5 Be4 33. Rbf1 Bxf5 34.
Rxf5 Ke6 35. Rg5 cxd4 36. h4 Nxe5 37. Rg8 d3 38. Kf1 Rd7 39. Ke1 d2+ 40. Kd1 Nc4
41. Rg6+ Kd5 42. Rxa6 Kd4 43. h5 Kd3 44. Rb6 Ne3# 0-1

[Event "Challenge"]
[Site "http://www.queenalice.com/game.php?id=510032"]
[Date "2008.12.19"]
[Round "-"]
[White "icechess"]
[Black "dtrainey"]
[Result "1-0"]
[WhiteElo "1544"]
[BlackElo "1722"]

1. d4 d5 2. c4 dxc4 3. Nf3 Bf5 4. Nc3 h6 5. e4 Bg4 6. Bxc4 e6 7. d5 e5 8. Qd2
Bd6 9. b3 Bxf3 10. gxf3 a6 11. Ne2 b5 12. Bd3 c5 13. f4 1-0

[Event "Challenge"]
[Site "http://www.queenalice.com/game.php?id=510210"]
[Date "2008.12.19"]
[Round "-"]
[White "dtrainey"]
[Black "icechess"]
[Result "0-1"]
[WhiteElo "1722"]
[BlackElo "1616"]

1. c4 e5 2. e4 Nf6 3. Nc3 Nc6 4. a3 d6 5. Nf3 h6 6. h3 Be6 7. d4 exd4 8. Nxd4
Nxd4 9. Qxd4 c5 10. Qe3 a6 0-1

[Event "Challenge"]
[Site "http://www.queenalice.com/game.php?id=510259"]
[Date "2008.12.20"]
[Round "-"]
[White "icechess"]
[Black "Claudemir"]
[Result "1-0"]
[WhiteElo "1853"]
[BlackElo "2070"]

1. d4 d5 2. c4 e6 3. Nf3 Nf6 4. Bg5 Be7 5. Nc3 Nbd7 6. e3 c5 7. cxd5 Nxd5 8.
Bxe7 Qxe7 9. Bd3 cxd4 10. Nxd4 Nxc3 11. bxc3 O-O 12. Qd2 Ne5 13. Be2 Bd7 14. O-O
Rac8 15. Rfc1 Rc7 16. Nb5 Bxb5 17. Bxb5 Rd8 18. Qe1 a6 19. Be2 Nd3 20. Bxd3 Rxd3
21. c4 h6 22. a4 Qh4 23. Qa5 Rxc4 24. g3 Rxc1+ 25. Rxc1 Qg4 26. Qe1 Qxa4 27. Ra1
Qd7 28. f4 1-0

[Event "Challenge"]
[Site "http://www.queenalice.com/game.php?id=511970"]
[Date "2008.12.24"]
[Round "-"]
[White "icechess"]
[Black "Hakkinen"]
[Result "1-0"]
[WhiteElo "1672"]
[BlackElo "1989"]

1. d4 d5 2. c4 e6 3. Nf3 Nf6 4. Bg5 Bb4+ 5. Nbd2 h6 6. Bxf6 Qxf6 7. Qa4+ Nc6 8.
a3 Bxd2+ 9. Kxd2 Bd7 10. Qb5 Nxd4 11. Qxb7 Nxf3+ 12. exf3 Qd4+ 13. Ke1 Qe5+ 14.
Be2 O-O 15. Rb1 Rfb8 16. Qa6 Rxb2 17. Rxb2 Qxb2 18. cxd5 Qa1+ 19. Bd1 Rb8 20.
dxe6 Bxe6 21. Qd3 Rb1 22. Ke2 Rc1 23. Bc2 Rxh1 24. Qd8# 1-0

[Event "Challenge"]
[Site "http://www.queenalice.com/game.php?id=514529"]
[Date "2008.12.30"]
[Round "-"]
[White "icechess"]
[Black "gomestrovao"]
[Result "0-1"]
[WhiteElo "1862"]
[BlackElo "2000"]

1. d4 d5 2. c4 Nf6 3. Nc3 Bf5 4. e3 e6 5. a3 a6 6. c5 Be7 7. b4 Ne4 8. Bb2 O-O
9. Bd3 Nxc3 10. Bxc3 Nd7 11. Qc2 Bxd3 12. Qxd3 Nf6 13. h3 h6 14. Nf3 Ne4 15. Bb2
Bh4 16. Nxh4 Qxh4 17. O-O Qf6 18. f3 Ng3 19. Rfd1 Nf5 20. e4 Ne7 21. e5 Qg6 22.
Bc3 Qxd3 23. Rxd3 Ng6 24. Bd2 f5 25. f4 c6 26. Rf1 Rf7 27. Rg3 Ne7 28. Rb3 Kh7
29. g4 fxg4 30. hxg4 Raf8 31. g5 h5 32. Rh3 g6 33. a4 Rb8 34. b5 Nf5 35. Rb3
Nxd4 36. Re3 axb5 37. a5 Nf5 38. Ra3 Ra8 39. Rfa1 Nd4 40. R1a2 Ra6 41. Bc3 Nf3+
42. Kf2 Nh4 43. Ke3 Nf5+ 44. Kf3 Rf8 45. Ra1 Kg7 46. Rh1 Rh8 47. Ra2 Ne7 48. Ke3
Nc8 49. Rh4 Ne7 50. Rh1 Rha8 51. Rh4 Nf5+ 0-1

[Event "Challenge"]
[Site "http://www.queenalice.com/game.php?id=515609"]
[Date "2009.1.1"]
[Round "-"]
[White "icechess"]
[Black "PawnOne"]
[Result "0-1"]
[WhiteElo "1798"]
[BlackElo "1895"]

1. d4 d5 2. c4 dxc4 3. Nf3 Nf6 4. Nc3 e6 5. e4 Bb4 6. Bd2 Bxc3 7. bxc3 Nxe4 8.
Bxc4 Nd7 9. Qc2 Nxd2 10. Qxd2 Nf6 11. Qe2 O-O 12. O-O b6 13. Rad1 Nd5 14. Qd3
Bb7 15. Rfe1 Nf4 16. Qe3 Qd6 17. Rd2 Rfe8 18. Red1 Bd5 19. Bb3 a5 20. c4 Bxf3
21. Qxf3 Ng6 22. c5 bxc5 23. dxc5 Qxc5 24. Rc2 Qb6 25. Rd7 Ne5 26. Qxa8 Rxa8 27.
Rdxc7 g6 0-1

[Event "Challenge"]
[Site "http://www.queenalice.com/game.php?id=516954"]
[Date "2009.1.4"]
[Round "-"]
[White "icechess"]
[Black "vincentlennon"]
[Result "0-1"]
[WhiteElo "1871"]
[BlackElo "2101"]

1. d4 Nf6 2. c4 g6 3. Nc3 Bg7 4. Nf3 d6 5. e3 Nc6 6. Be2 O-O 7. O-O Bd7 8. b3 e5
9. d5 Ne7 10. e4 Ne8 11. Bb2 h6 12. a4 a5 13. h3 b6 14. Qc2 f5 15. Nd2 f4 16. f3
g5 17. Ba3 Nf6 18. Rab1 h5 19. b4 axb4 20. Rxb4 g4 21. h4 g3 22. Rbb1 Ng6 23.
Nb3 Ne8 24. Bd3 Qxh4 25. Rfe1 Qh2+ 26. Kf1 Nh4 27. Ke2 Qxg2+ 28. Kd1 Qxc2+ 29.
Bxc2 Nxf3 30. Re2 Nd4 31. Nxd4 exd4 32. Nb5 f3 0-1

[Event "Challenge"]
[Site "http://www.queenalice.com/game.php?id=519998"]
[Date "2009.1.10"]
[Round "-"]
[White "icechess"]
[Black "Rutty"]
[Result "0-1"]
[WhiteElo "1894"]
[BlackElo "2033"]

1. d4 d5 2. c4 dxc4 3. e4 e5 4. Nf3 exd4 5. Bxc4 c5 6. a3 Be7 7. Ne5 Be6 8. Qb3
Qb6 9. Qa4+ Nc6 10. Bb5 Rc8 11. Nxc6 bxc6 12. Ba6 Rb8 13. O-O Nf6 14. Nd2 O-O
15. b4 cxb4 16. Rb1 c5 17. Nc4 Bxc4 18. Bxc4 a5 19. f3 Rb7 20. e5 Nd7 21. f4 Rd8
22. Re1 Qc7 23. e6 Nb6 24. exf7+ Kf8 25. Qc2 Nxc4 26. Qxc4 Bd6 27. Qd3 Qxf7 28.
Qxh7 c4 29. f5 Be7 30. Rf1 Bf6 31. g4 d3 32. Bf4 Bd4+ 33. Kg2 Re7 34. Qh8+ Qg8
35. Qxg8+ Kxg8 36. Kf3 b3 37. Bg5 Bf6 38. Bxf6 gxf6 39. Rfe1 Rde8 40. Rxe7 Rxe7
41. Kf4 d2 42. Rd1 c3 0-1

[Event "Challenge"]
[Site "http://www.queenalice.com/game.php?id=522226"]
[Date "2009.1.14"]
[Round "-"]
[White "icechess"]
[Black "TinyDemons"]
[Result "0-1"]
[WhiteElo "1850"]
[BlackElo "1918"]

1. d4 d5 2. c4 Nf6 3. Nf3 Nc6 4. e3 Bg4 5. c5 e6 6. a3 Be7 7. b4 O-O 8. Be2 b6
9. cxb6 cxb6 10. b5 Na5 11. Nbd2 Nb7 12. a4 Rc8 13. Ne5 Bxe2 14. Qxe2 Na5 15. f3
Rc2 16. Qd3 Rc7 17. O-O Bd6 18. f4 Bxe5 19. fxe5 Nd7 20. Ba3 Re8 21. e4 Nc4 22.
Bd6 Nxd6 23. exd6 Rc8 24. e5 f6 25. Rf4 fxe5 26. dxe5 Nxe5 27. Qa3 Rc5 28. Nb3
Nc4 29. Qa2 Qxd6 30. Raf1 Rcc8 31. Rf7 Rf8 32. Rxa7 Rxf1+ 33. Kxf1 Qxh2 34. Nd2
Rf8+ 35. Nf3 Rxf3+ 0-1

[Event "Challenge"]
[Site "http://www.queenalice.com/game.php?id=524364"]
[Date "2009.1.17"]
[Round "-"]
[White "icechess"]
[Black "imcute"]
[Result "0-1"]
[WhiteElo "1893"]
[BlackElo "2021"]

1. d4 d5 2. c4 e6 3. Nf3 Nf6 4. Nc3 Bb4 5. Bd2 c6 6. a3 Bxc3 7. Bxc3 dxc4 8. e3
b5 9. a4 a6 10. axb5 cxb5 11. b3 Nd5 12. Ba5 Qd6 13. bxc4 bxc4 14. Bxc4 O-O 15.
e4 Nf6 16. e5 Qc6 17. exf6 Qxc4 18. fxg7 Kxg7 19. Ne5 Qd5 20. Qg4+ Kh8 21. Qf4
f6 22. O-O Nc6 23. Nxc6 Qxc6 24. Bb4 Rf7 25. Rad1 Bb7 26. f3 Rg8 27. Rc1 Qb5 28.
Bc3 Bd5 29. Rb1 Qd3 30. Bd2 Bc4 31. Rfe1 Qg6 32. g3 Qd3 33. Rbc1 Bd5 34. Rc3 Qg6
35. Qd6 Rfg7 36. Qxa6 Qh5 37. g4 Rxg4+ 38. fxg4 Rxg4+ 39. Rg3 Rxg3+ 40. hxg3
Qh1+ 41. Kf2 Qf3+ 0-1

[Event "Challenge"]
[Site "http://www.queenalice.com/game.php?id=524369"]
[Date "2009.1.17"]
[Round "-"]
[White "icechess"]
[Black "attachui"]
[Result "0-1"]
[WhiteElo "1835"]
[BlackElo "2029"]

1. d4 d5 2. c4 c6 3. Nf3 Nf6 4. e3 dxc4 5. Bxc4 Bf5 6. Ne5 e6 7. O-O Nbd7 8. Qb3
Qc7 9. f3 b5 10. Be2 Nxe5 11. e4 Neg4 12. fxg4 Bxe4 13. Bf4 Qd7 0-1